MARC

LEADER 00000nam0a2200000 4500
001 281497
005 20231101235416.0
020 |a RU  |b 86-74824 
035 |a (RuTPU)RU\TPU\book\305265 
090 |a 281497 
100 |a 20150122d1986 m y0rusy5003 ca 
101 0 |a rus 
102 |a RU 
105 |a a z 000zy 
200 1 |a Экран 83-84  |e [сборник]  |f Всесоюзный научно-исследовательский институт киноискусства (ВНИИК) ; сост. Ю. Тюрин ; Г. Долматовская 
210 |a Москва  |c Искусство  |d 1986 
215 |a 208 с.  |c ил. 
606 |a Кинематография  |2 stltpush  |3 (RuTPU)RU\TPU\subj\39488  |9 59564 
610 1 |a размышления 
610 1 |a обзоры 
610 1 |a Великая Отечественная война 1941-1945 
610 1 |a люди 
610 1 |a события 
610 1 |a фестивали 
610 1 |a встречи 
610 1 |a история 
610 1 |a сборники 
675 |a 778.5  |v 3 
702 1 |a Тюрин  |b Ю.  |4 220 
702 1 |a Долматовская  |b Г.  |4 220 
712 0 2 |a Всесоюзный научно-исследовательский институт киноискусства (ВНИИК)  |c (Москва)  |2 stltpush  |3 (RuTPU)RU\TPU\col\19253 
801 0 |a RU  |b RuMRKP  |c 19950704  |g psbo 
801 1 |a RU  |b 63413507  |c 20150122 
801 2 |a RU  |b 63413507  |c 20170512  |g RCR 
942 |c BK